000
00344nam a22001457a 4500
008
221004b ||||| |||| 00| 0 eng d
020
_a
9780201339895
041
_a
eng
080
_a
338
082
_a
338
100
_a
23.1
101
_a
MEN
245
_a
ORGANIZING GENIUS the secret of creative collaboration
_c
BENNIS W
942
_2
udc
_c
BK
999
_c
58330
_d
58330